[Event "Aragon-ch Primera"]
[Site "Spain"]
[Date "2009.??.??"]
[Round "5"]
[White "Villalba Abad, David"]
[Black "Nunez Gonzalez, Victor Antonio"]
[Result "1/2-1/2"]
[WhiteElo "1738"]
[BlackElo "1681"]
[PlyCount "103"]
[EventDate "2009.??.??"]
[EventType "swiss"]
[EventRounds "9"]
[EventCountry "ESP"]
[SourceTitle "EXT 2013"]
[Source "ChessBase"]
[SourceDate "2012.11.22"]
[SourceVersion "1"]
[SourceVersionDate "2012.11.22"]
[SourceQuality "1"]

1. e4 c5 2. Nf3 d6 3. d4 cxd4 4. Nxd4 Nf6 5. Nc3 g6 6. Be3 Bg7 7. f3 Nc6 8. Bc4 0-0 9. Qd2 Bd7 10. 0-0-0 Ne5 11. Bb3 Rc8 12. h4 Nc4 13. Bxc4 Rxc4 14. g4 a6 15. h5 b5 16. hxg6 fxg6 17. Qh2 Kf7 18. Bh6 Rg8 19. Bxg7 Rxg7 20. Nd5 e5 21. Nb3 Nxd5 22. Rxd5 Be6 23. Rd3 Rc6 24. Qxe5 dxe5 25. Rxd8 Kf6 26. Rhd1 Rgc7 27. c3 b4 28. R1d3 bxc3 29. bxc3 Rxc3+ 30. Kb2 Rc2+ 31. Ka3 Kg5 32. Re8 Bxb3 33. axb3 Kf4 34. Rf8+ Kg3 35. Rf6 R7c3 36. Rd7 Rxf3 37. Rxa6 Rf1 38. Re6 Rh1 39. Rxe5 Kxg4 40. Ree7 h5 41. e5 Re2 42. Rg7 Kf5 43. Rgf7+ Kg5 44. Rg7 Rxe5 45. Rd6 h4 46. Rgxg6+ Kf5 47. Rdf6+ Ke4 48. Rg4+ Kd5 49. Rh6 h3 50. Rgh4 Re3 51. R6h5+ Ke6 52. Rh6+ 1/2-1/2